| 000 -LEADER |
| fixed length control field |
00899nam a2200277Ia 4500 |
| 001 - CONTROL NUMBER |
| control field |
21322 |
| 003 - CONTROL NUMBER IDENTIFIER |
| control field |
GE_BSU |
| 005 - DATE AND TIME OF LATEST TRANSACTION |
| control field |
20221111162446.0 |
| 008 - FIXED-LENGTH DATA ELEMENTS--GENERAL INFORMATION |
| fixed length control field |
181216s2014||||ii |||||||||||||| ||eng|| |
| 020 ## - INTERNATIONAL STANDARD BOOK NUMBER |
| International Standard Book Number |
9788120346789x |
| 040 ## - CATALOGING SOURCE |
| Transcribing agency |
GE_BSU |
| 080 ## - UNIVERSAL DECIMAL CLASSIFICATION NUMBER |
| Universal Decimal Classification number |
62:004.7 K-17 |
| 100 ## - MAIN ENTRY--PERSONAL NAME |
| Personal name |
KALYANMOY, DEB |
| 9 (RLIN) |
12352 |
| 245 ## - TITLE STATEMENT |
| Title |
Optimization For Engineering Design : |
| Remainder of title |
Algorithms and Examples / |
| Statement of responsibility, etc. |
DEB KALYANMOY |
| 250 ## - EDITION STATEMENT |
| Edition statement |
Second edition |
| 264 ## - PRODUCTION, PUBLICATION, DISTRIBUTION, MANUFACTURE, AND COPYRIGHT NOTICE |
| Place of production, publication, distribution, manufacture |
Delhi : |
| Name of producer, publisher, distributor, manufacturer |
PHI Learning, |
| Date of production, publication, distribution, manufacture, or copyright notice |
2014. |
| 300 ## - PHYSICAL DESCRIPTION |
| Extent |
421p. ; |
| Dimensions |
24 cm. |
| 500 ## - GENERAL NOTE |
| General note |
Index p. : 417-421 |
| 653 ## - INDEX TERM--UNCONTROLLED |
| keyword |
OPTIMIZATION FOR ENGINEERING DESIGN |
| 653 ## - INDEX TERM--UNCONTROLLED |
| keyword |
Algorithms and Examples |
| 653 ## - INDEX TERM--UNCONTROLLED |
| keyword |
კომპიუტერული კომუნიკაცია |
| 653 ## - INDEX TERM--UNCONTROLLED |
| keyword |
კომპიუტერული ქსელები |
| 653 ## - INDEX TERM--UNCONTROLLED |
| keyword |
საინჟინრო საქმე |
| 942 ## - ADDED ENTRY ELEMENTS (KOHA) |
| Koha item type |
წიგნი |
| Source of classification or shelving scheme |
|